000 00391nam a2200169Ia 4500
001 22351
005 20260414150825.0
008 260414t2008||||xx |||||||||||||| ||spa||
041 _aESP
082 _a621.367
_bG69 2008
100 _aGonzalez, Rafael C.
_eAUT
245 0 _aDigital image processing
_b
260 _c2008
650 _aTCA
654 _aCET
942 _cLIB
_dJUS
_fJUS
_2ddc
_n
999 _c22351
_d22351